Every The Chi-Lites song that hit the Billboard hot 100 - Statistics

General Stats
  • This quiz has been taken 2 times
  • The average score is 11 of 21
Answer Stats
Peak Chart Position Year Song % Correct
57 1972 A Lonely Man/The Man & The Woman (The Boy & The Girl)
100%
94 1975 It's Time For Love
100%
1 1972 Oh Girl
100%
33 1973 A Letter To Myself
50%
72 1971 Are You My Woman? (Tell Me So)
50%
26 1971 (For God's Sake) Give More Power To The People
50%
88 1969 Give It Away
50%
3 1971 Have You Seen Her
50%
54 1974 Homely Girl
50%
47 1973 I Found Sunshine
50%
72 1972 I Like Your Lovin' (Do You Like Mine)
50%
94 1969 Let Me Be The Man My Daddy Was
50%
92 1973 My Heart Just Keeps On Breakin'
50%
30 1973 Stoned Out Of My Mind
50%
63 1974 There Will Never Be Any Peace (Until God Is Seated At The Conference Table)
50%
78 1975 Toby/that's How Long
50%
70 1971 We Are Neighbors
50%
61 1972 We Need Order
50%
95 1971 I Want To Pay You Back (For Loving Me)
0%
47 1972 The Coldest Days Of My Life (Part 1)
0%
83 1974 You Got To Be The One
0%
No matching quizzes found
Score Distribution
Percent of People with Each Score
Percentile by Number Answered
Your Score History
You have not taken this quiz